=LDR 00000nam 2200000 4500 =001 INLIS000000000045940 =005 20150212091302.0 =006 =007 =008 =020 ##$$a 979-759-266-3 =035 ##$$0010-021500000000500 =040 ##$$a NBPDMAT =082 ##$$a 550 =090 ##$$a 550 $b Ben m =100 ##$$a Beni S. Ambarjaya =245 ##$$a Mari Megnenal Bumi / $c Beni S. Ambarjaya : Penyunting, Agus Mawardi =260 ##$$a Jakarta $b Grafindo Media Pratama $c 2006 =300 ##$$a v, 88 hlm $b Ilus $c 24 cm =500 ##$$a Bibliografi : hal. 88 =650 ##$$a Bumi =700 ##$$a Agus Mawardi =990 ##$$a 21422333 =990 ##$$a 21422332 =990 ##$$a 21422334 =990 ##$$a 21422335 =990 ##$$a 21422336